10 Biggest Cities in the World in 2100 by letter - D - Statistics

General Stats
  • This quiz has been taken 117 times
  • The average score is 6 of 10
Answer Stats
Population City % Correct
57.3 m Delhi
90%
54.2 m Dhaka
82%
73.7 m Dar Es Salaam
76%
7.9 m Dallas
71%
6.7 m Detroit
65%
21.2 m Dakar
60%
5.7 m Damascus
49%
9.7 m Douala
38%
7.2 m Dushanbe
33%
6.6 m Dongguan
18%
No matching quizzes found
Score Distribution
Percent of People with Each Score
Percentile by Number Answered
Your Score History
You have not taken this quiz